Anar al contingut

Бухгалтерский учет и финансы АПК

Методические указания содержат теоретические аспекты и практические задания, разработанные по каждой теме дисциплины «Бухгалтерский учет и финансы АПК». Задания носят ситуационный характер, используемые в них исходные данные условны. Задания разработаны в соответствии с рабочей программой и содержан...

Descripció completa

Guardat en:
Dades bibliogràfiques
Autor principal: Кудряшова Ю. Н.
Altres autors: Газизьянова Ю. Ю.
Format: Книга
Idioma:Russian
Publicat: Самара СамГАУ 2021
Accés en línia:https://e.lanbook.com/book/222182
https://e.lanbook.com/img/cover/book/222182.jpg
Etiquetes: Afegir etiqueta
Sense etiquetes, Sigues el primer a etiquetar aquest registre!
LEADER 02241nam0a2200265 i 4500
001 222182
003 RuSpLAN
005 20221220174152.0
008 221220s2021 ru gs 000 0 rus
040 |a RuSpLAN 
041 0 |a rus 
044 |a ru 
080 |a 657(075) 
084 |a 65.052(я7)  |2 rubbk 
245 0 0 |a Бухгалтерский учет и финансы АПК  |c Кудряшова Ю. Н.,Газизьянова Ю. Ю. 
260 |a Самара  |b СамГАУ  |c 2021 
300 |a 52 с. 
504 |a Библиогр.: доступна в карточке книги, на сайте ЭБС Лань 
520 8 |a Методические указания содержат теоретические аспекты и практические задания, разработанные по каждой теме дисциплины «Бухгалтерский учет и финансы АПК». Задания носят ситуационный характер, используемые в них исходные данные условны. Задания разработаны в соответствии с рабочей программой и содержанием дисциплины. После каждой темы приводятся контрольные вопросы для проверки знаний обучающихся. Методические указания предназначены для студентов высших учебных заведений, обучающихся по направлениям 35.03.04 Агрономия и 35.03.05 Садоводство. Издание может быть полезно преподавателям высших учебных заведений, слушателям ФПК, специалистам агропромышленного комплекса. 
521 8 |a Книга из коллекции СамГАУ - Ветеринария и сельское хозяйство 
100 1 |a Кудряшова Ю. Н. 
700 1 |a Газизьянова Ю. Ю. 
856 4 |u https://e.lanbook.com/book/222182 
856 4 8 |u https://e.lanbook.com/img/cover/book/222182.jpg 
953 |a https://e.lanbook.com/img/cover/book/222182.jpg